| 000 | 00647nam a2200205 4500 | ||
|---|---|---|---|
| 999 |
_c8271 _d8271 |
||
| 001 | 21796 | ||
| 003 | BD-DhUAP | ||
| 005 | 20230405134248.0 | ||
| 008 | 230405b2008 bg ||||| |||| 000 0 eng d | ||
| 020 | _a9840517902 | ||
| 040 |
_aBD-DhUAP _bEng _cBD-DhUAP _dBD-DhUAP |
||
| 082 |
_222 _a950 VIN |
||
| 245 |
_aVintage short fiction from Bangladesh / _cTranslated and edited by Sagar Chaudhury. |
||
| 260 |
_aDhaka : _bThe University Press, _cc2008. |
||
| 300 |
_a140p. : _c22 cm. |
||
| 650 |
_aShort stories, Bengali _vTranslations into English |
||
| 650 |
_aBengali fiction _y20th century _zBangladesh |
||
| 700 | _aChaudhury, Sagar. | ||
| 942 |
_2ddc _cBK |
||